000 00739nam a2200241Ia 4500
001 18431
003 GE_BSU
008 181216s||||||||xx |||||||||||||| ||und||
020 _a0787957410 (alk. paper)
040 _cGE_BSU
080 _a005.9
100 _aBrown, Duane
245 _aCareer choice and developmen
250 _a4th ed.
260 _aSan Francisco
260 _bJossey-Bass,
260 _c2002
300 _axxii, 534 p, ill, 25 cm.
653 _aCareer choice and developmen
653 _aკარიერული განვითარება. პროფესიული ხელმძღვანელობით.
653 _aსაქმიანობის მართვა
942 _cBK
999 _c51445
_d51445